The disinformation age : politics, technology, and disruptive communication in the United States /

The intentional spread of falsehoods - and attendant attacks on minorities, press freedoms, and the rule of law - challenge the basic norms and values upon which institutional legitimacy and political stability depend. How did we get here? The Disinformation Age assembles a remarkable group of histo...

Full description

Bibliographic Details
Corporate Author: Cambridge University Press
Other Authors: Bennett, W. Lance (Editor), Livingston, Steven (Writer on public affairs) (Editor)
Format: eBook
Language:English
Published: New York, NY : Cambridge University Press, 2021.
Series:SSRC anxieties of democracy
Subjects:
Online Access:Connect to the full text of this electronic book

MARC

Tag First Indicator Second Indicator Subfields
LEADER 00000cam a2200000Mi 4500
001 in00004771391
006 m o d
007 cr |n|||||||||
008 201021s2021 nyu o 000 0 eng d
005 20240206230857.4
035 |a (OCoLC)on1204100831 
040 |a STF  |b eng  |c STF  |d OCLCO  |d CAMBR  |d UAB  |d OCLCF  |d SFB  |d OCLCO  |d OCLCQ  |d OCLCO  |d OCLCL 
020 |a 9781108914628  |q (electronic bk.) 
020 |a 1108914624  |q (electronic bk.) 
020 |z 9781108843058 
020 |z 1108843050 
035 |a (OCoLC)1204100831 
043 |a n-us--- 
050 4 |a JA85.2.U6  |b D57 2020 
082 0 4 |a 320.97301/4  |2 23 
049 |a TXAM 
245 0 4 |a The disinformation age :  |b politics, technology, and disruptive communication in the United States /  |c edited by W. Lance Bennett, University of Washington, Steven Livingston, George Washington University. 
264 1 |a New York, NY :  |b Cambridge University Press,  |c 2021. 
300 |a 1 online resource. 
336 |a text  |b txt  |2 rdacontent 
337 |a computer  |b c  |2 rdamedia 
338 |a online resource  |b cr  |2 rdacarrier 
490 0 |a SSRC anxieties of democracy 
588 |a Description based on print version record. 
520 |a The intentional spread of falsehoods - and attendant attacks on minorities, press freedoms, and the rule of law - challenge the basic norms and values upon which institutional legitimacy and political stability depend. How did we get here? The Disinformation Age assembles a remarkable group of historians, political scientists, and communication scholars to examine the historical and political origins of the post-fact information era, focusing on the United States but with lessons for other democracies. Bennett and Livingston frame the book by examining decades-long efforts by political and business interests to undermine authoritative institutions, including parties, elections, public agencies, science, independent journalism, and civil society groups. The other distinguished scholars explore the historical origins and workings of disinformation, along with policy challenges and the role of the legacy press in improving public communication. This title is also available as Open Access on Cambridge Core. 
650 0 |a Communication in politics  |z United States. 
650 0 |a Disinformation  |z United States. 
650 6 |a Communication politique  |z États-Unis. 
650 6 |a Désinformation  |z États-Unis. 
650 7 |a Communication in politics  |2 fast 
650 7 |a Disinformation  |2 fast 
651 7 |a United States  |2 fast  |1 https://id.oclc.org/worldcat/entity/E39PBJtxgQXMWqmjMjjwXRHgrq 
655 7 |a Electronic books.  |2 local 
700 1 |a Bennett, W. Lance,  |e editor. 
700 1 |a Livingston, Steven  |c (Writer on public affairs),  |e editor.  |1 https://id.oclc.org/worldcat/entity/E39PCjH86yJHrXKG3JthrcCvVy 
710 2 |a Cambridge University Press  |p Cambridge Frontlist 2020. 
710 2 |a Cambridge University Press. 
776 0 8 |c Original  |z 9781108843058  |z 1108843050  |w (DLC) 2020024234 
856 4 0 |u https://doi.org/10.1017/9781108914628  |z Connect to the full text of this electronic book  |t 0 
955 |a Cambridge Open Access ebooks 
994 |a 92  |b TXA 
999 f f |s e2e95f92-b635-4272-b77e-d68c5b4ba738  |i 34e7bef2-35e1-4291-ab45-041e5b14aabc  |t 0 
952 f f |a Texas A&M University  |b College Station  |c Electronic Resources  |d Available Online  |t 0  |e JA85.2.U6 D57 2020  |h Library of Congress classification 
998 f f |a JA85.2.U6 D57 2020  |t 0  |l Available Online